Cost accounting / (Record no. 38073)

MARC details
000 -LEADER
fixed length control field 00672nam a22001937a 4500
005 - DATE AND TIME OF LATEST TRANSACTION
control field 20100728125323.0
010 ## - LCCN (DPL NO)
LC control number ENG-97154
020 ## - INTERNATIONAL STANDARD BOOK NUMBER
International Standard Book Number 9788190808880
Terms of availability 85.00
035 ## - SYSTEM CONTROL NUMBER
System control number EN-80687
037 ## - SOURCE OF ACQUISITION
Source of stock number/acquisition DBAD/PUB
082 ## - DEWEY DECIMAL CLASSIFICATION NUMBER
Classification number 657.42
100 ## - MAIN ENTRY--PERSONAL NAME
Personal name Srividhya, N.
245 ## - TITLE STATEMENT
Title Cost accounting /
Statement of responsibility, etc by N. Srividhya
260 ## - PUBLICATION, DISTRIBUTION, ETC. (IMPRINT)
Place of publication, distribution, etc Thittagudi (T.K)
Name of publisher, distributor, etc Sathya Publications
Date of publication, distribution, etc 2007
270 ## - ADDRESS
Address 117, Middle Street, Gudalur (P.O)
City Thittagudi
Postal code 606111
300 ## - PHYSICAL DESCRIPTION
Extent 106p.
Dimensions 21cm (pbk)
942 ## - ADDED ENTRY ELEMENTS (KOHA)
Source of classification or shelving scheme Dewey Decimal Classification
Item type English Books
Classification part 657.42
Call number suffix SRI
Holdings
Withdrawn status Lost status Not for loan Collection code Home library Current library Date acquired Source of acquisition Cost, normal purchase price Full call number Barcode Copy number Cost, replacement price Koha item type
    Not For Loan Non-fiction D.B.Act.Division D.B.Act.Division 28/07/2010 DBAD/PUB 85.00 657.42 SRI EN-80687 1 85.00 English Books

© Delhi Public Library
Hit Counter
free hit counter